Music Quiz

Random Music or The Beatles Quiz

Where in the World Are the Beatles? Quiz Stats

Quiz Updated Nov 20, 2017

Challenge
Share
Tweet
Embed
Score 0/15 Timer 05:00
5 Plays Today
% Correct
in your ear
92.2%
at your feet
91%
in his nowhere land
90.9%
on my mind
89.1%
in the U.S.S.R.
89%
in an octopus's garden
88.3%
on my bended knees
85.9%
in the town where I was born
84%
% Correct
out of sight
82.6%
in the marketplace
82.1%
in sweet fragrant meadows of dawn and dew
76.5%
in Blackburn, Lancashire
76%
in the rain
66.2%
in the English rain
64.9%
across the universe
62.8%

You're not logged in!

Compare scores with friends on all Sporcle quizzes.
Sign Up with Email
OR
Log In

You Might Also Like...

Show Comments

Extras

Top Quizzes Today


Score Distribution

Your Account Isn't Verified!

In order to create a playlist on Sporcle, you need to verify the email address you used during registration. Go to your Sporcle Settings to finish the process.